| 000 | 00874cam a22002777a 4500 | ||
|---|---|---|---|
| 003 | CHAP | ||
| 005 | 20220329141553.0 | ||
| 008 | 971013s r 00010 d | ||
| 010 | _a70296 | ||
| 011 | _a71268 | ||
| 035 | _a80822 | ||
| 040 | _cCHAP | ||
| 090 | _aR-2212 | ||
| 100 | 0 | 0 |
_aEdgar, Robert. _935336 |
| 245 | 1 | 2 | _aA greenhouse that stores and recovers energy |
| 500 | _aSobretiro de : Spirit of enterpreses : The 1981 Rolex Awards. -- London : Harrap, 1981 pp. 36-39 | ||
| 590 |
_aBATCH-UPD _b10 _c20130110 _lUCH01 _h0656 |
||
| 590 |
_aBATCH-UPD _b10 _c20130410 _lUCH01 _h0341 |
||
| 590 |
_aBATCH-UPD _b10 _c20130914 _lUCH01 _h1234 |
||
| 590 |
_aCONVERSION _b10 _c20130109 _lUCH01 _h1339 |
||
| 650 | 1 | 4 |
_aEnergĂa solar en agricultura. _936913 |
| 650 | 1 | 4 |
_aInvernaderos. _960172 |
| 901 | _aBK | ||
| 942 | _cREIMP | ||
| 949 |
_aR-2212 _bBC _cR _d-33811 _eTS1 _i80822 _si |
||
| 999 |
_c70296 _d70296 |
||